Cinética de reacciones
Kaydedildi:
| Yazar: | |
|---|---|
| Materyal Türü: | Kitap |
| Dil: | İngilizce |
| Baskı/Yayın Bilgisi: |
Madrid
Alhambra
1966
|
| Seri Bilgileri: | Exedra. Ciencia, Técnica, Ingeniería, 3, 4
|
| Konular: | |
| Etiketler: |
Etiketle
Etiket eklenmemiş, İlk siz ekleyin!
|
MARC
| LEADER | 00000nam a2200000 a 4500 | ||
|---|---|---|---|
| 001 | UCT5812 | ||
| 003 | CL-VaPUC | ||
| 008 | 961223e19660000SP |||||||||||||||||eng|d | ||
| 082 | 0 | 4 | |a 541.394 |b LAI |2 21 |
| 100 | |a Laidler, Keith J |e author |9 453282 | ||
| 245 | 1 | 0 | |a Cinética de reacciones |
| 300 | |a 2 v | ||
| 942 | |c BK | ||
| 945 | |d 19961223 00:00:00 |a nastorga | ||
| 260 | |a Madrid |b Alhambra |c 1966 | ||
| 500 | |a v.1: Reacciones homogéneas en fase gaseosa | ||
| 500 | |a v.2: Reacciones en solución | ||
| 650 | 0 | |a Cinética química |9 344779 | |
| 650 | 0 | |a Velocidad de reacción |9 263100 | |
| 650 | 0 | |a Moléculas |9 259584 | |
| 650 | 0 | |a Reacciones químicas |9 259438 | |
| 650 | 7 | |a IONES |2 CL-VaPUC |9 337399 | |
| 650 | 7 | |a PROTONES |2 CL-VaPUC |9 360486 | |
| 583 | |a last modification |c 20180403 11:16:58 |k Rodrigo Vera | ||
| 490 | 0 | |a Exedra. Ciencia, Técnica, Ingeniería, 3, 4 | |
| 999 | |c 254618 |d 254616 | ||
| 952 | |0 0 |1 0 |4 0 |6 541_394000000000000_LAI_1966 |7 0 |8 A |9 276422 |a BIBCUR |b BIBCUR |d 2019-11-19 |h v.1 |i 3261875 |o 541.394 LAI 1966 |p 3261875 |r 2025-04-22 |w 2019-11-19 |y BK |k BCB | ||
| 952 | |0 0 |1 0 |4 0 |6 541_394000000000000_LAI_1966 |7 0 |8 A |9 276423 |a BIBCUR |b BIBCUR |d 2019-11-19 |h v.2 |i 3261883 |o 541.394 LAI 1966 |p 3261883 |r 2025-04-22 |w 2019-11-19 |y BK |k BCB | ||